000 01497nam a2200445 i 4500
001 37304
003 KOSZ 005
005 20200127124556.0
008 040114s2000 pl a f f |000 0 pol
015 _aPB 2004/2609
020 _a8386644400
035 _a(OCoLC)831003455
040 _aWA N
_cWA N
_dKOSZ 005/HR
041 0 _apol
046 _k2000
080 _a621.315.5
080 _a621.38
080 _a(075.8)
100 1 _aCiążyński, Władysław.
_eAutor
245 1 0 _aElektronika w zadaniach.
_nT. 2,
_pAnaliza małosygnałowa układów półprzewodnikowych /
_cWładysław Ciążyński.
246 3 0 _aAnaliza małosygnałowa układów półprzewodnikowych
260 _aGliwice :
_bWydaw. Pracowni Komputerowej Jacka Skalmierskiego,
_c2000.
300 _a141 s. :
_brys., tab., wykr. ;
_c24 cm.
336 _2rdacontent
_aTekst
_btxt
337 _2rdamedia
_aBez urządzenia pośredniczącego
_bn
338 _2rdacarrier
_aWolumin
_bnc
380 _aKsiążki
380 _aPublikacje dydaktyczne
385 _mPoziom nauczania
_aSzkoły wyższe
388 _a1901-2000
388 _a1989-2000
504 _aBibliogr. s. 141.
658 _aInżynieria i technika
655 4 _aPodręczniki akademickie
650 4 _aPółprzewodniki
650 4 _aUrządzenia
650 4 _aUkład elektroniczny
856 _uhttp://koha.tu.koszalin.pl/cgi-bin/koha/opac-detail.pl?biblionumber=37304
_yKatalog online BPK
942 _2UKD
_cKS
999 _c37304
_d37304